|
|
|
|
| LEADER |
00000nab a2200000ua 4500 |
| 001 |
vtls010827174 |
| 003 |
SK-MaSNL |
| 005 |
20260303191202.0 |
| 008 |
230222s1973 xo |||||||||||||||||eng| |
| 035 |
|
|
|a (urnnbn)urn:nbn:sk:snk:ar-a06b9e
|
| 035 |
|
|
|a urn:nbn:sk:snk-ab5t24
|
| 035 |
|
|
|a (uuid)037f95cc-2855-431e-8e4c-06422cb4bb67
|
| 040 |
|
|
|a SNKBUCL
|b slo
|c SNKBUCL
|e AACR2
|
| 041 |
0 |
|
|a eng
|
| 044 |
|
|
|a xo
|c SK
|
| 100 |
1 |
|
|a Řeháček, Josef,
|d 1931-
|4 aut
|9 27955
|
| 245 |
1 |
0 |
|a Friend Leukemia Virus (FLV) Activity in Certain Arthropods II. Quantitative Infectivity Determinations
|c J. Řeháček, D. H. Luecke, R. G. Fischer
|
| 700 |
1 |
|
|a Luecke, D. H.
|4 aut
|9 1212419
|
| 700 |
1 |
|
|a Fischer, R. G.
|4 aut
|9 1212420
|
| 773 |
0 |
|
|t Neoplasma : journal of experimental and clinical oncology
|g Roč. 20, č. 2 (1973), s. 147-158
|
| 958 |
|
|
|a OND
|
| 958 |
|
|
|a EUIPO
|
| 958 |
|
|
|a article5
|
| 999 |
|
|
|c 2139792
|d 2141722
|